LEADER 01402nam a2200265 i 4500 001 991001474059707536 008 111111s2011 it 000 0 ita d 020 $a8814164355 035 $ab14020233-39ule_inst 040 $aDip.to Studi Giuridici$bita 082 0 $a345.45052 245 03$aIl codice antimafia :$btutte le novita del LGS. 6 settembre 2011, N. 159 : le misure di prevenzione personali e patrimoniali, la tutela dei terzi e i rapporti con le procedure concursuali, le disposizioni in materia di documentazione antimafia, la tabella di corrispondenza degli articoli del Codice delle leggi antimafia con la legislazione previgente /$cdi Antonio Balsamo e Clelia Maltese 260 $aMilano :$bGiuffre,$c2011 300 $a90 p. ;$c28 cm 440 0$aOfficina del diritto Giuffre : il penalista 650 4$aMafia$xLegislazione penale 650 4$aMisure di prevenzione$xLegislazione 700 1 $aBalsamo, Antonio$eauthor$4http://id.loc.gov/vocabulary/relators/aut$0321137 700 1 $aMaltese, Clelia$eauthor$4http://id.loc.gov/vocabulary/relators/aut$0611338 907 $a.b14020233$b18-01-12$c11-11-11 912 $a991001474059707536 945 $aLE027 345.05 BAL02.01$g1$i2027000312986$lle027$o-$pE15.00$q-$rl$s- $t0$u13$v10$w13$x0$y.i15367162$z18-01-12 996 $aCodice antimafia$91137440 997 $aUNISALENTO 998 $ale027$b11-11-11$cm$da $e-$fita$git $h3$i0 LEADER 06211nam 2200721 450 001 9910786803403321 005 20210514030817.0 010 $a3-11-039014-0 010 $a3-11-033348-1 024 7 $a10.1515/9783110333480 035 $a(CKB)3710000000229114 035 $a(EBL)1394752 035 $a(SSID)ssj0001332912 035 $a(PQKBManifestationID)11747381 035 $a(PQKBTitleCode)TC0001332912 035 $a(PQKBWorkID)11377169 035 $a(PQKB)10153671 035 $a(MiAaPQ)EBC1394752 035 $a(DE-B1597)213225 035 $a(OCoLC)889301170 035 $a(OCoLC)900716208 035 $a(DE-B1597)9783110333480 035 $a(Au-PeEL)EBL1394752 035 $a(CaPaEBR)ebr11010244 035 $a(CaONFJC)MIL805227 035 $a(OCoLC)890067106 035 $a(PPN)259934836 035 $a(EXLCZ)993710000000229114 100 $a20150212h20142014 uy 0 101 0 $aeng 135 $aur|n#---|u||u 181 $ctxt 182 $cc 183 $acr 200 00$aFreshwater fungi $eand fungal-like organisms /$fedited by E. B. Gareth Jones, Kevin D. Hyde and Ka-lai Pang ; contributors, Andre? Aptroot [and fifty two others] 210 1$aBerlin, [Germany] ;$aBoston, [Massachusetts] :$cDe Gruyter,$d2014. 210 4$d©2014 215 $a1 online resource (518 p.) 225 0 $aMarine and Freshwater Botany 300 $aDescription based upon print version of record. 311 $a3-11-033345-7 320 $aIncludes bibliographical references at the end of each chapters and index. 327 $tFront matter --$tPreface --$tContents --$tList of contributing authors --$t1. Introduction /$rJones, E. B. Gareth / Hyde, Kevin D. / Pang, Ka-Lai --$tPhylogeny of freshwater fungi --$t2. Phylogeny of the Dothideomycetes and other classes of freshwater fissitunicate Ascomycota /$rShearer, Carol A. / Pang, Ka-Lai / Suetrong, Satinee / Raja, Huzefa A. --$t3. The molecular phylogeny of freshwater Sordariomycetes and discomycetes /$rCai, Lei / Hu, Dian-Ming / Liu, Fang / Hyde, Kevin D. / Jones, E. B. Gareth --$t4. Freshwater Basidiomycota /$rJones, E. B. Gareth / Southworth, Darlene / Libkind, Diego / Marvanová, Ludmila --$t5. Taxonomy of filamentous asexual fungi from freshwater habitats, links to sexual morphs and their phylogeny /$rHu, Dian-Ming / Cai, Lei / Jones, E. B. Gareth / Zhang, Huang / Boonyuen, Nattawut / Hyde, Kevin D. --$t6. Phylogeny and characterization of freshwater Chytridiomycota (Chytridiomycetes and Monoblepharidomycetes) /$rPowell, Martha J. / Letcher, Peter M. --$tPhylogeny of fungus-like organisms --$t7. Microsporidia /$rKearney, Ray / Gleason, Frank H. --$t8. Phylogenetic relationships of Pythiales and Peronosporales (Oomycetes, Straminipila) within the "peronosporalean galaxy" /$rGleason, Frank H. / Souza, Jose I. de --$tBiodiversity of freshwater fungi --$t9. The ecological and economic importance of zoosporic Mesomycetozoean (Dermocystida) parasites of freshwater fish /$rGlockling, Sally L. / Marshall, Wyth L. / Gozlan, Rodolphe E. / Marano, Agostina V. / Lilje, Osu / Gleason, Frank H. --$t10. Infection strategies of pathogenic oomycetes in fish /$rSarowar, Mohammad N. / Saraiva, Marcia / Jessop, Casey N. / Lilje, Osu / Gleason, Frank H. / West, Pieter van --$t11. Zoosporic parasites of amphibians /$rGleason, Frank H. / Rowley, Jodi L. / Jessop, Casey N. / Lilje, Osu --$t12. Pythiosis /$rChaiprasert, Angkana / Krajaejun, Theerapong --$t13. Zoosporic parasites of phytoplankton /$rGleason, Frank H. / KIarpov, Sergey A. / Lilje, Osu / Macarthur, Deborah J. / Van Ogtrop, Floris / Sime-Ngando, Telesphore --$t14. Zoosporic parasites of freshwater invertebrates /$rGlockling, Sally L. / Marano, Agostina V. / Lilje, Osu / Gleason, Frank H. --$tEcology --$t15. Freshwater lichens /$rThüs, Holger / Aptroot, André / Seaward, Mark R. D. --$t16. Aquatic Trichomycetes /$rLichtwardt, Robert W. --$t17. Tropical peat swamp fungi with special reference to palms /$rPinruan, Umpava / Pinnoi, Aom / Hyde, Kevin D. / Jones, E. B. Gareth --$t18. Stream pollution and fungi /$rFerreira, Verónica / Gulis, Vladislav / Pascoal, Cláudia / Graça, Manuel A. S. --$t19. Association of animals and fungi in leaf decomposition /$rBärlocher, Felix / Sridhar, Kandikere R. --$t20. Yeasts from extreme aquatic environments: hyperacidic freshwaters /$rLibkind, Diego / Russo, Gabriel / Broock, María Rosa van --$t21. Decomposition of wood in tropical habitats /$rBoonyuen, Nattawut / Sivichai, Somsak / Jones, E. B. Gareth --$t22. Epilogue /$rPang, Ka-Lai / Hyde, Kevin D. / Jones, E. B. Gareth --$tIndex 330 $aThe available literature on freshwater fungi is limited. Over the subsequent years a considerable volume of scientific papers have appeared scattered throughout numerous journals. There is therefore no recent synthesis of the subject and this is the objective of the proposed book. Freshwater habitats are rich in fungi with some 3,000 described species, most of papers focusing on their identification, substrata they grow on and world distribution. However, these fungi play an important role in the freshwater ecosystem, and are primarily involved in the breakdown of leaf litter contributing food for detritus feeders. Our book will bring together a wide range of acclaimed mycologists to review recent developments on the biology and ecology of freshwater fungi, particularly their molecular phylogeny, biodiversity, causative diseases of freshwater amphibians, fishes and invertebrate animals, decomposition of leaf litter, stream pollution and their potential role in bioremediation. 410 0$aMarine and Freshwater Botany 606 $aFreshwater fungi 610 $aBotany. 610 $aMicrobiology. 610 $aMycology. 615 0$aFreshwater fungi. 676 $a571.2/9 686 $aWL 4375$2rvk 702 $aJones$b E. B. Gareth$g(Evan Benjamin Gareth),$f1937- 702 $aHyde$b Kevin D. 702 $aPang$b Ka-lai 702 $aAptroot$b Andre? 801 0$bMiAaPQ 801 1$bMiAaPQ 801 2$bMiAaPQ 906 $aBOOK 912 $a9910786803403321 996 $aFreshwater fungi$93795620 997 $aUNINA